书目信息 |
| 题名: |
新艺术创作论
|
|
| 作者: | 王朝闻 著 | |
| 分册: | ||
| 出版信息: | 北京 人民文学出版社 1963 |
|
| 页数: | 248页 | |
| 开本: | 20cm | |
| 丛书名: | ||
| 单 册: | ||
| 中图分类: | J04 | |
| 科图分类: | ||
| 主题词: | 文艺理论 , 艺术--创作方法 | |
| 电子资源: | ||
| ISBN: | ||
| 000 | 00632nam0 2200241 45 | |
| 001 | 0179009096 | |
| 005 | 20070731092619.64 | |
| 010 | @dCNY1.00 | |
| 091 | @a10019.93 | |
| 100 | @a19950919d1963 em y0chiy0121 ea | |
| 101 | 0 | @achi |
| 102 | @aCN@b110000 | |
| 105 | @ay z 000zy | |
| 200 | 10 | @a新艺术创作论@Axin yi shu chuang zuo lun@f王朝闻著@Fwang chao wen zhu |
| 205 | @a2版 | |
| 210 | @a北京@c人民文学出版社@d1963 | |
| 215 | @a248页@d20cm | |
| 606 | @a文艺理论 | |
| 606 | 0 | @a艺术@x创作方法 |
| 690 | @aJ04 | |
| 701 | 0 | @a王朝闻@Awang chao wen@4著 |
| 801 | 0 | @aCN@bNLC@c20070731 |
| 905 | @f1@b67476@dJ04@e19=2@b67478@f1 | |
| 新艺术创作论/王朝闻著.-2版.-北京:人民文学出版社,1963 |
| 248页;20cm |
| ISBN :CNY1.00 |
| ● |
| 相关链接 |
|
|
|
|
正题名:新艺术创作论
索取号:J04/19=2
 
预约/预借
| 序号 | 登录号 | 条形码 | 馆藏地/架位号 | 状态 | 备注 |
| 1 | 0787035 | 207870357 | 第一样本阅览室/ [索取号:J04/19=2] | 在馆 |